000 00569nam a2200193 a 4500
001 19093
003 CO-ViMGA
008 141112s2004 ck r 000 u spa d
040 _aCO-ViMGA
_bspa
_cCO-ViMGA
082 0 4 _a370.114 R376
245 1 0 _aEl respeto por la vida
260 _aMontevideo :
_bSudamer; 1999
490 _aColección Valores y Actitudes
590 _aForma de adquisición : Donación Libreria Temas y Libros 2005 - - Precio :
_2.750
650 1 4 _aeducación MORAL
_94809
650 1 4 _aVALORES HUMANOS
_927373
650 1 4 _aVIDA
942 _2ddc
_cBK
999 _c28266
_d28266